| 000 | 01664nam0a2200397 4500 | ||
|---|---|---|---|
| 001 | RU\NLR\bibl\258214 | ||
| 005 | 20260408192821.0 | ||
| 010 |
_a5-215-01271-7 _930 |
||
| 021 |
_aRU _b2001-59922 _92922 |
||
| 035 | _a(NLR Aleph) 000253951 | ||
| 090 |
_a1482288 _c1482288 |
||
| 100 | _a20020419d2001 |||y0rusy50 ca | ||
| 101 | 0 | _arus | |
| 102 | _aRU | ||
| 105 | _aa ||||||||| | ||
| 200 | 1 |
_aКоммерческая реализация технологий, изобретений и ноу-хау в торговле лицензиями _eМетод. рекомендации _fА. А. Земсков _gМ-во образования Рос. Федерации, Гос. ун-т упр. |
|
| 210 |
_aМ. _cГУУ _d2001 |
||
| 215 |
_a56,[1] с. _cил. _d21 |
||
| 320 | _aБиблиогр.: с. 55-56 | ||
| 606 | 0 |
_aЛицензии _jМетодические пособия _xТорговля _91503877 _3RU\NLR\auth\66652159 |
|
| 606 |
_aВнедрение передовой техники и технологии _jМетодические пособия _xКоммерциализация _92182212 _3RU\NLR\auth\661312207 |
||
| 610 | 0 | _a"Ноу-хау" | |
| 610 | 0 | _aЛицензии патентные - Торговля | |
| 675 |
_a339.166.5 _v3 _zrus |
||
| 686 |
_a71 _2rugasnti |
||
| 686 |
_a65.422 _2rubbk |
||
| 686 | _aУ43(0)0-803.422я7 | ||
| 686 | _aУ9(2)-55я7 | ||
| 686 | _aУ42(2)152я7 | ||
| 700 | 1 |
_aЗемсков _bА. А. _gАлексей Александрович _4070 |
|
| 801 | 0 |
_aRU _bRKP _c20020419 _gPSBO |
|
| 801 | 1 |
_aRU _bRKP _c20020419 |
|
| 801 | 2 |
_aRU _bNLR _c20020808 _grcr |
|
| 942 | _cBOOK | ||
| 980 | _aNB | ||